00341nam a2200109Ia 450000100070000000500170000700800410002424500500006526000100011599900190012595200870014465781620250826154623.0250824s9999 xx 000 0 und d 0aKocakafa Nate 3/Kampa GidiyorcLincoln Peirce bALTIN c657816d657816 00104070a1011b1011d2025-08-24l0p101197r2025-08-26 15:46:23w2025-08-26yBK